000 00222 a2200109 4500
020 _a2320009262093
041 _aspa
100 _aJudith ST.George
245 _aAsi que quieres ser Presidente
942 _cBK
952 _71
999 _c24888
_d24888